De duivel op de lijkwagen. Spookgeschiedenissen, legenden en historische sagen uit het westen van de provincie Noord-Brabant, zorgvuldig verzameld, getrouwelijk naverteld en zo eenvoudig mogelijk toegelicht.

Saved in:
Bibliographic Details
Main Author: Jong, Martien J. G. de.
Format: Book
Language:Dutch
Published: Den Haag, Dieben [1959]
Subjects:
Tags: Add Tag
No Tags, Be the first to tag this record!
LEADER 00710nam a2200193K 4500
001 003200399-4
005 20020606093309.7
008 870116s1959 ne a 000 0 dut d
035 0 |a ocm15079968 
040 |a CLU  |c CLU  |d HLS 
090 |a GR182.B7  |b J7 
100 1 |a Jong, Martien J. G. de. 
245 1 3 |a De duivel op de lijkwagen.  |b Spookgeschiedenissen, legenden en historische sagen uit het westen van de provincie Noord-Brabant, zorgvuldig verzameld, getrouwelijk naverteld en zo eenvoudig mogelijk toegelicht. 
260 |a Den Haag,  |b Dieben  |c [1959] 
300 |a 112 p.  |b illus. 
650 0 |a Folklore  |z Netherlands  |z North Brabant. 
650 0 |a Legends  |z Netherlands  |z North Brabant. 
988 |a 20020608 
906 |0 OCLC